000 00767nam a2200205Ii 4500
003 JO-AjNU
008 230605s9999||||xx |||||||||||||| ||und||
040 _aJO-AjNU
_bara
_erda
_cJO-AjNU
041 _aara
050 1 4 _aGV951.85.A2864 1986
100 3 _aابو العنيين، محمود، م.مشارك ابراهيم، مفتي,
_eauthor
_920007
245 0 0 _aتخطيط برامج إعداد لاعبي كرة القدم
250 _aط2
264 3 1 _aحلوان: دار الفكر العربي، 1986
300 _a188ص
_bيشتمل على جداول وصور توضبحية
336 _atext
_btxt
_2rdacontent
337 _aunmediated
_bn
_2rdamedia
338 _avolume
_bnc
_2rdacarrier
650 4 _aكرة القدم - تخطيط - رياضة
_920008
999 _aA6705
_c10273
_d10273